000 00571nam a22001817a 4500
999 _c185324
_d185324
005 20220202102437.0
010 _aENG-131356
020 _a9789389523665
_c499.00
035 _aEN-114888
037 _bDBAD
082 _aN
100 _aSrinivasan, Raghu
245 _aXianqui:
_bNot All Vaccines Save Lives Some Bring War/
_cRaghu Srinivasan
260 _aGurugram
_bHachette Book Publishing India Pvt. Ltd
_c2020
270 _bGurugram
_a4th & 5th Floors, Corporate Centre, Plot No. 94, Sector 44
_e122003
300 _a384p.
_c20cm(pbk)
942 _2ddc
_cEN
_hN
_mSRI